00636 2200241 4500001002100000005001500021035002000036245003000056100002500086250001000111300002100121700003000142700002900172264003200201336002100233337003000254338002300284082001400307084002100321020002200342600002000364990001000384INLIS00000000000036220220620022134 a0010-06220003591 aTrue stalker /cSirhayani0 aSirhayaniePengarang acet.6 a507 hlm ;c19 cm0 aJuliagar R.N.ePenyunting0 aAgus WahadyoePenyunting aJakarta :bMediakita,c2017 2rdacontentaTeks 2rdamediaaTanpa Perantara 2rdacarrieraVolume a899.221 3 a899.221 3 SIR t a978-979-794-532-9 4aFiksi Indonesia a21.40